<?xml version="1.0" encoding="UTF-8"?>
<collection xmlns="http://www.loc.gov/MARC21/slim">
 <record>
  <leader>01573nam a22002057a 4500</leader>
  <controlfield tag="001">NCT_4_028381</controlfield>
  <controlfield tag="008">251101b        xxu||||| |||| 00| 0 vie d</controlfield>
  <datafield tag="999" ind1=" " ind2=" ">
   <subfield code="c">9418</subfield>
   <subfield code="d">9418</subfield>
  </datafield>
  <datafield tag="020" ind1=" " ind2=" ">
   <subfield code="a">9789810230685</subfield>
   <subfield code="c">$114.00</subfield>
  </datafield>
  <datafield tag="082" ind1="0" ind2="4">
   <subfield code="2">23rd ed.</subfield>
   <subfield code="a">547</subfield>
   <subfield code="b">L732/Vol.2</subfield>
  </datafield>
  <datafield tag="100" ind1="1" ind2=" ">
   <subfield code="a">Lim, Chang Kee</subfield>
  </datafield>
  <datafield tag="245" ind1="1" ind2="0">
   <subfield code="a">High-performance liquid chromatography and mass spectrometry of porphyrins, chlorophylls and bilins</subfield>
   <subfield code="c">Chang Kee Lim</subfield>
  </datafield>
  <datafield tag="260" ind1=" " ind2=" ">
   <subfield code="a">Singapore</subfield>
   <subfield code="b">World Scientific</subfield>
   <subfield code="c">2010</subfield>
  </datafield>
  <datafield tag="300" ind1=" " ind2=" ">
   <subfield code="a">xii, 232 p.</subfield>
   <subfield code="b">ill.</subfield>
   <subfield code="c">24 cm</subfield>
  </datafield>
  <datafield tag="504" ind1=" " ind2=" ">
   <subfield code="a">Includes bibliographical references and index</subfield>
  </datafield>
  <datafield tag="520" ind1="3" ind2=" ">
   <subfield code="a">This book focuses on tetrapyrrole compounds such as porphyrins, chlorophylls, and bilins, which are essential in biological systems and widely applied in food, cosmetics, biotechnology, pharmaceuticals, and medicine. It provides practical HPLC and HPLC/MS protocols along with detailed chromatographic and mass spectrometric reference data for the analysis, identification, and characterization of these compounds in biological and clinical samples. The content covers method development and optimization, sample preparation, and guidance on avoiding artifacts during sample processing. The book is intended for analysts and researchers working in biochemical analysis, separation, and characterization of natural and synthetic tetrapyrroles.</subfield>
  </datafield>
  <datafield tag="653" ind1=" " ind2=" ">
   <subfield code="a">Y đa khoa</subfield>
  </datafield>
  <datafield tag="942" ind1=" " ind2=" ">
   <subfield code="2">ddc</subfield>
   <subfield code="c">BK</subfield>
  </datafield>
  <datafield tag="952" ind1=" " ind2=" ">
   <subfield code="0">0</subfield>
   <subfield code="1">0</subfield>
   <subfield code="2">ddc</subfield>
   <subfield code="4">0</subfield>
   <subfield code="6">547_000000000000000_L732_VOL_2</subfield>
   <subfield code="7">0</subfield>
   <subfield code="9">31554</subfield>
   <subfield code="a">000001</subfield>
   <subfield code="b">000001</subfield>
   <subfield code="d">2025-11-01</subfield>
   <subfield code="o">547 L732/Vol.2</subfield>
   <subfield code="p">MD.24484</subfield>
   <subfield code="r">2025-11-01</subfield>
   <subfield code="v">114.00</subfield>
   <subfield code="w">2025-11-01</subfield>
   <subfield code="y">BK</subfield>
  </datafield>
  <datafield tag="980" ind1=" " ind2=" ">
   <subfield code="a">Thư viện Trường Đại học Nam Cần Thơ</subfield>
  </datafield>
 </record>
</collection>
